Clic Un film dans un film - 1 - Statistiques

Statistiques générales
  • Ce quiz a été pris 16 fois
  • Le résultat moyen est 3 sur 20
Statistiques - réponses
Hint Extra Hint Explanation Réponse % Correct
L'Arnacœur 2010 - Pascal Chaumeil Emile Ardolino Dirty dancing
33%
Intervista
Divorce à l'italienne
1987 - Federico Fellini
1961 - Pietro Germi
Federico Fellini La dolce vita
33%
Le Fabuleux Destin d'Amélie Poulain 2001 - Jean-Pierre Jeunet François Truffaut Jules et Jim
20%
Au nom du père 1993 - Jim Sheridan Francis Ford Coppola Le Parrain
20%
Corps et Biens 2013 - Taïssia Igoumentseva Frères Dardenne Le Silence de Lorna
20%
L'Appât 1994 - Bertrand Tavernier Brian De Palma Scarface
20%
La Bonne Année 1973 - Claude Lelouch Claude Lelouch Un homme et une femme
20%
Lolita 1962 - Stanley Kubrik Terence Fisher Frankenstein s'est échappé
13%
Entretien avec un vampire 1994 - Neil Jordan Friedrich Murnau L'Aurore
13%
Nous nous sommes tant aimés 1974 - Ettore Scola Vittorio De Sica Le Voleur de bicyclette
13%
Le Dahlia noir 2006 - Brian De Palma Paul Leni L'homme qui rit
13%
Le Locataire 1976 - Roman Polanski Robert Clouse Opération Dragon
13%
L'Armée des douze singes 1995 - Terry Giliam Alfred Hitchcock Sueurs froides
13%
Stupeurs et tremblements 2003 - Alain Corneau Nagisa Oshima Furyo
7%
Arrête-moi si tu peux 2002 - Steven Spielberg Guy Hamilton Goldfinger
7%
Femmes au bord de la crise de nerfs 1988 - Pedro Almodóvar Nicholas Ray Johnny Guitare
7%
Joker 2019 - Todd Phillips Charlie Chaplin Les temps modernes
7%
Profs 1985 - Patrick Schulmann Jean Vigo Zéro de conduite
7%
Barbara 2017 - Mathieu Amalric Jacques Brel Franz
0%
Dernière séance 2011 - Laurent Achard Jean Renoir French Cancan
0%
Aucun quiz correspondant
Distribution des résultats
% des personnes avec chaque résultat
Percentile par nombre de réponses
Votre historique - résultats
Vous n’avez pas pris ce quiz